000 00424nam a2200181Ia 4500
001 10470
005 20260306161834.0
008 260306t1991||||xx |||||||||||||| ||spa||
041 _aESP
082 _a930.1
_bH96
100 _aHurts Thomas, David
_eAUT
245 0 _aArchaeology:
_bdown to earth
260 _c1991
300 _a331 páginas :
_c23 cm.
650 _aGEN
654 _aCHU
942 _cLIB
_dJUS
_fJUS
_2ddc
_n
999 _c10470
_d10470